TF2 Medic Weapons - Statistics

General Stats
  • This quiz has been taken 17 times
  • The average score is 10 of 12
Answer Stats
Hint Answer % Correct
Secondary MediGun
100%
Melee Ubersaw
100%
Primary Crusader’s Crossbow
92%
Secondary Quick Fix
92%
Melee Bone Saw
85%
Secondary Kritzkrieg
85%
Primary Syringe Gun
85%
Secondary Vaccinator
77%
Primary Blutsauger
69%
Primary Overdose
69%
Melee Solemn Vow
69%
Melee Amputator
62%
No matching quizzes found
Score Distribution
Percent of People with Each Score
Percentile by Number Answered
Your Score History
You have not taken this quiz